00695nam a2200157 a 450000500170000000800410001702000180005805000220007610000150009824500530011326000370016630000130020352001830021699900190039995201190041820140412111426.0090627s19uu xx 00 eng d a0-7944-1143-6 aTR(PS EbSh2 2006 aShaw, Fran aSharing :bhow kindness grows /cFran Shaw, PhD. aU.S.A :bReader's digest,c2006. a1v. unp. aSix kids find out how wonderful sharing can be in this feel - good book. As they read the story, children can open flaps and discover how simple sharing brightens everyone's day. c106245d106245 00104050aELbELcTRd2009-06-27eGiftg485.00l0oTR(PS E Sh2 2006pE11481r2014-04-12 00:00:00w2014-04-12yBK